Statistics for American Civil War Quiz

Click here to take the quiz!

General Stats

  • This quiz has been taken 56 times
  • The average score is 8 of 15

Answer Stats

HintAnswer% Correct
Who was US president at the start of the war?Lincoln
94%
Which was the fisrt state to secede from the Union?South Carolina
85%
Which civil war battle was the bloodiest?Gettysburg
83%
What year was the last man killed in the war?1865
69%
Which state saw the most fighting during the war?Virginia
67%
What city did Sherman burn down during his march to the sea?Atlanta
65%
Who was the president of the ConfederacyJefferson Davis
63%
Which abolitionist launched the raid on Harper's Ferry to encourage slaves to rise up against their masters?John Brown
54%
How many states originally seceded from the North?7
54%
What was the official name of the confederacy as a country?Confederate States of America
52%
Where did Robert.E.Lee surrender to Ulysses.S.Grant?Appomattox courthouse
46%
How much per month were the Union privates paid for their service?$13
35%
The first paper currency was issued by the US government in 1862 what were they called?Greenbacks
31%
What play was Abraham Lincoln watching when he was assassinated ?Our American cousin
17%
What was the first battle of the Civil War?Fort Sumner
4%

Score Distribution

Percentile by Number Answered

Percent of People with Each Score

Your Score History

You have not taken this quiz